[Event "Jerusalem Japhet Memorial op 3rd"]
[Site "Jerusalem"]
[Date "2016.07.14"]
[Round "6"]
[White "Bronstein, Or"]
[Black "Zisman, Philip"]
[Result "1-0"]
[WhiteElo "2134"]
[BlackElo "2304"]
[PlyCount "150"]
[EventDate "2016.07.10"]
[EventType "swiss"]
[EventRounds "7"]
[EventCountry "ISR"]
[SourceTitle "CBM 173 Extra"]
[Source "ChessBase"]
[SourceDate "2016.08.29"]
[SourceVersion "1"]
[SourceVersionDate "2016.08.29"]
[SourceQuality "1"]

1. e4 e6 2. d4 d5 3. Nd2 dxe4 4. Nxe4 Nf6 5. Nxf6+ gxf6 6. Nf3 Be7 7. Bd3 b6 8. Be4 c6 9. c3 Bb7 10. Bf4 f5 11. Bc2 Nd7 12. Qe2 Nf8 13. h4 Ng6 14. Bg5 Qc7 15. Bxe7 Nxe7 16. Ne5 Ng6 17. 0-0-0 0-0-0 18. Nd3 Nf4 19. Nxf4 Qxf4+ 20. Kb1 Rhg8 21. g3 Qg4 22. Qe5 c5 23. Rhe1 cxd4 24. Rxd4 Rxd4 25. cxd4 Qg7 26. Rc1 Qxe5 27. dxe5 Kb8 28. Rd1 Kc7 29. Rd4 h6 30. Kc1 a5 31. Kd2 Bd5 32. a3 Kc6 33. Bd3 f6 34. exf6 e5 35. Bb5+ Kc5 36. Rd3 Rf8 37. b4+ axb4 38. axb4+ Kxb5 39. Rxd5+ Kxb4 40. Rd6 b5 41. f3 h5 42. Rc6 Ka5 43. Kc3 Rf7 44. Re6 Rf8 45. f4 e4 46. Kd4 b4 47. Kc4 e3 48. Kb3 e2 49. Rxe2 Rxf6 50. Re5+ Kb6 51. Kxb4 Kc6 52. Kc4 Kd6 53. Ra5 Rf8 54. Ra6+ Ke7 55. Kd5 Rg8 56. Ke5 Rxg3 57. Ra7+ Kf8 58. Rh7 Ra3 59. Kxf5 Kg8 60. Rb7 Rg3 61. Kf6 Rg4 62. f5 Rxh4 63. Rb8+ Kh7 64. Rb7+ Kh6 65. Rb8 Kh7 66. Kf7 Rf4 67. f6 Kh6 68. Ke7 Kg5 69. Rg8+ Kh4 70. f7 Kh3 71. Rg6 Rxf7+ 72. Kxf7 h4 73. Kf6 Kh2 74. Kf5 h3 75. Kf4 Kh1 1-0

[Event "EU-ch blitz"]
[Site "Minsk"]
[Date "2015.12.18"]
[Round "11.43"]
[White "Shkapenko, Pavel"]
[Black "Zisman, Philip"]
[Result "1-0"]
[WhiteElo "2407"]
[BlackElo "2304"]
[PlyCount "133"]
[EventDate "2015.12.18"]
[EventType "swiss (blitz)"]
[EventRounds "22"]
[EventCountry "BLR"]
[SourceTitle "EXT 2017"]
[Source "ChessBase"]
[SourceDate "2016.10.25"]
[SourceVersion "1"]
[SourceVersionDate "2016.10.25"]
[SourceQuality "1"]

1. e4 c5 2. c3 Qa5 3. Nf3 Nc6 4. a3 e6 5. d4 cxd4 6. b4 Qb6 7. cxd4 d5 8. e5 Bd7 9. Nc3 Rc8 10. Na4 Qc7 11. Bb2 Nge7 12. Bd3 Ng6 13. 0-0 Nf4 14. Bb1 b5 15. Nc5 Bxc5 16. dxc5 a5 17. Qd2 Ng6 18. Bd3 axb4 19. axb4 Ncxe5 20. Nxe5 Nxe5 21. Be2 Bc6 22. Qd4 f6 23. Bh5+ g6 24. Be2 0-0 25. Ra6 Nc4 26. Bxc4 dxc4 27. Rfa1 e5 28. Qg4 f5 29. Qe2 Rfe8 30. Ra7 Qd8 31. Bxe5 Qd5 32. f4 Rxe5 33. fxe5 Re8 34. e6 Rxe6 35. Qb2 Qe5 36. Qxe5 Rxe5 37. Rc7 Be4 38. Rd7 c3 39. Rc1 c2 40. Rd2 Kf7 41. Kf2 Ke6 42. Rdxc2 Bxc2 43. Rxc2 Kd7 44. Rd2+ Kc6 45. Rd6+ Kc7 46. Rb6 Rd5 47. Rxb5 Rd2+ 48. Kf3 g5 49. h3 h5 50. c6 g4+ 51. hxg4 fxg4+ 52. Kg3 Rd3+ 53. Kh4 Rd2 54. Rxh5 Kxc6 55. g3 Rd4 56. Rc5+ Kb6 57. Rg5 Rxb4 58. Rxg4 Rb1 59. Rf4 Kc6 60. Kg5 Kd5 61. g4 Rg1 62. Kf6 Rg2 63. g5 Kd6 64. g6 Kd7 65. Kf7 Ra2 66. g7 Ra7 67. g8Q 1-0

[Event "Douglas PokerStars op"]
[Site "Douglas"]
[Date "2015.10.07"]
[Round "5"]
[White "Kobo, Ori"]
[Black "Zisman, Philip"]
[Result "1/2-1/2"]
[WhiteElo "2427"]
[BlackElo "2305"]
[PlyCount "89"]
[EventDate "2015.10.03"]
[EventType "swiss"]
[EventRounds "9"]
[EventCountry "IOM"]
[SourceTitle "CBM 168 Extra"]
[Source "ChessBase"]
[SourceDate "2015.10.29"]
[SourceVersion "1"]
[SourceVersionDate "2015.10.29"]
[SourceQuality "1"]

1. e4 e6 2. d4 d5 3. Nc3 dxe4 4. Nxe4 Nf6 5. Nxf6+ Qxf6 6. Nf3 h6 7. Bd3 Nc6 8. c3 Bd6 9. Nd2 e5 10. Ne4 Qg6 11. Nxd6+ Qxd6 12. dxe5 Qxe5+ 13. Be3 0-0 14. 0-0 Bf5 15. Be2 Rad8 16. Qb3 b6 17. Rad1 Ne7 18. Bc4 Be6 19. Bxe6 Qxe6 20. Qxe6 fxe6 21. Rxd8 Rxd8 22. Bf4 c6 23. Re1 Kf7 24. Kf1 Rd5 25. b3 g5 26. Bc1 Ng6 27. c4 Rd7 28. g3 b5 29. cxb5 cxb5 30. Be3 Ne7 31. Rc1 Nd5 32. Ke2 a5 33. Kf3 Nxe3 34. Kxe3 Rd5 35. Rc7+ Kf6 36. a3 Re5+ 37. Kd3 Rd5+ 38. Ke2 Re5+ 39. Kd2 Rd5+ 40. Ke2 Re5+ 41. Kf1 Rd5 42. Ra7 Rd3 43. Rxa5 Rxb3 44. Kg2 b4 45. axb4 1/2-1/2

[Event "Douglas PokerStars op"]
[Site "Douglas"]
[Date "2015.10.06"]
[Round "4"]
[White "Zisman, Philip"]
[Black "Hill, Alistair"]
[Result "1-0"]
[WhiteElo "2305"]
[BlackElo "2180"]
[PlyCount "135"]
[EventDate "2015.10.03"]
[EventType "swiss"]
[EventRounds "9"]
[EventCountry "IOM"]
[SourceTitle "CBM 168 Extra"]
[Source "ChessBase"]
[SourceDate "2015.10.29"]
[SourceVersion "1"]
[SourceVersionDate "2015.10.29"]
[SourceQuality "1"]

1. e4 c5 2. Nf3 Nc6 3. d4 cxd4 4. Nxd4 Nf6 5. Nc3 e5 6. Ndb5 d6 7. Nd5 Nxd5 8. exd5 Ne7 9. c3 Ng6 10. a4 Be7 11. Be2 0-0 12. Be3 a6 13. Na3 Bg5 14. Qd2 Bxe3 15. Qxe3 Nf4 16. Bf3 Bg4 17. g3 Bxf3 18. Qxf3 Ng6 19. 0-0 f5 20. Nc4 Rc8 21. Qe2 Qc7 22. Nd2 Qc5 23. c4 e4 24. Ra3 Ne5 25. Rc3 Qb4 26. Rb3 Nf3+ 27. Qxf3 Qxd2 28. Qc3 Qxc3 29. Rxc3 g6 30. Rfc1 b6 31. f4 Kf7 32. Kf2 Kf6 33. Ke3 g5 34. fxg5+ Kxg5 35. b4 Rb8 36. Kd4 Rfc8 37. Rf1 h5 38. Rc2 Rb7 39. Rcf2 Rf7 40. Rf4 Kf6 41. R4f2 Kg5 42. Ra2 Kg4 43. a5 Rfc7 44. Rc1 Rb7 45. axb6 Rxb6 46. Ra4 Rcb8 47. Kc3 h4 48. c5 dxc5 49. bxc5 Rb3+ 50. Kc4 hxg3 51. hxg3 Kxg3 52. c6 Rd3 53. Rc3 Rxc3+ 54. Kxc3 e3 55. c7 Rb1 56. Kd3 Rc1 57. d6 Kf3 58. Rc4 Rxc4 59. Kxc4 e2 60. c8Q e1Q 61. Qxf5+ Kg3 62. Qd3+ Kh2 63. d7 Qh4+ 64. Kc5 Qd8 65. Qd6+ Kh1 66. Kc6 Qa8+ 67. Kb6 Qd8+ 68. Qc7 1-0

[Event "Douglas PokerStars op"]
[Site "Douglas"]
[Date "2015.10.03"]
[Round "1"]
[White "Greenfeld, Alon"]
[Black "Zisman, Philip"]
[Result "1-0"]
[WhiteElo "2534"]
[BlackElo "2305"]
[PlyCount "45"]
[EventDate "2015.10.03"]
[EventType "swiss"]
[EventRounds "9"]
[EventCountry "IOM"]
[SourceTitle "CBM 168 Extra"]
[Source "ChessBase"]
[SourceDate "2015.10.29"]
[SourceVersion "1"]
[SourceVersionDate "2015.10.29"]
[SourceQuality "1"]

1. d4 d5 2. c4 e5 3. dxe5 d4 4. Nf3 Nc6 5. g3 Nge7 6. Bg2 Ng6 7. Bg5 Qd7 8. e6 fxe6 9. 0-0 h6 10. Bc1 e5 11. Nfd2 Qf7 12. Qb3 Nd8 13. Ne4 Be6 14. Na3 Bxa3 15. Qxa3 Bxc4 16. Bd2 Bxe2 17. Rfe1 Bb5 18. f4 Bc6 19. Rac1 a5 20. fxe5 Ne6 21. Rxc6 bxc6 22. Nd6+ cxd6 23. Bxc6+ 1-0

[Event "Jerusalem 4 Seasons"]
[Site "Jerusalem"]
[Date "2015.07.22"]
[Round "8"]
[White "Nedobora, Mikhail"]
[Black "Zisman, Philip"]
[Result "1-0"]
[WhiteElo "2379"]
[BlackElo "2308"]
[PlyCount "65"]
[EventDate "2015.07.13"]
[EventType "tourn"]
[EventRounds "9"]
[EventCountry "ISR"]
[EventCategory "4"]
[SourceTitle "EXT 2016"]
[Source "ChessBase"]
[SourceDate "2015.10.08"]
[SourceVersion "1"]
[SourceVersionDate "2015.10.08"]
[SourceQuality "1"]

1. Nf3 d5 2. c4 c6 3. d4 Nf6 4. e3 Bf5 5. Nc3 e6 6. Nh4 Be4 7. f3 Bg6 8. Qb3 Qc7 9. Bd2 Nbd7 10. Rc1 Qb6 11. g3 Qxb3 12. axb3 Be7 13. Nxg6 hxg6 14. Bg2 0-0 15. Ke2 Rfd8 16. Rhd1 Rac8 17. Be1 g5 18. g4 Nf8 19. h4 gxh4 20. Bxh4 Ng6 21. Bf2 dxc4 22. bxc4 e5 23. g5 Ne8 24. dxe5 Nxe5 25. b3 Rxd1 26. Rxd1 Rd8 27. Rxd8 Bxd8 28. Bh3 Kf8 29. Ne4 Ke7 30. Be1 Bc7 31. Bb4+ Kd8 32. Nc5 Nd6 33. Bc3 1-0

[Event "EU-ch 16th"]
[Site "Jerusalem"]
[Date "2015.02.26"]
[Round "3"]
[White "Zisman, Philip"]
[Black "Rasulov, Vugar Ural Oglu"]
[Result "1/2-1/2"]
[WhiteElo "2238"]
[BlackElo "2508"]
[PlyCount "54"]
[EventDate "2015.02.24"]
[EventType "swiss"]
[EventRounds "11"]
[EventCountry "ISR"]
[SourceTitle "CBM 166"]
[Source "ChessBase"]
[SourceDate "2015.05.11"]
[SourceVersion "1"]
[SourceVersionDate "2015.05.11"]
[SourceQuality "1"]

1. e4 c5 2. Nf3 e6 3. d4 cxd4 4. Nxd4 Nc6 5. Nc3 Qc7 6. Be3 a6 7. Be2 b5 8. 0-0 Bb7 9. f4 Bc5 10. Qd2 Qb6 11. Rad1 d6 12. Bf3 Nf6 13. Rfe1 Rd8 14. Nxc6 Bxc6 15. Nd5 Bxd5 16. exd5 0-0 17. b4 Bxe3+ 18. Qxe3 Qxe3+ 19. Rxe3 Rfe8 20. Ra3 Nxd5 21. Bxd5 exd5 22. Rxa6 Rc8 23. Rxd6 Rxc2 24. R6xd5 Rxa2 25. Rxb5 h6 26. Re5 Rc8 27. Rc5 Re8 1/2-1/2

[Event "Jerusalem Japhet Memorial op 2nd"]
[Site "Jerusalem"]
[Date "2014.07.21"]
[Round "5"]
[White "Zisman, Philip"]
[Black "Slonimskij, Arkadij"]
[Result "1-0"]
[WhiteElo "2232"]
[BlackElo "2207"]
[PlyCount "43"]
[EventDate "2014.07.16"]
[EventType "swiss"]
[EventRounds "9"]
[EventCountry "ISR"]
[SourceTitle "CBM 161 Extra"]
[Source "ChessBase"]
[SourceDate "2014.08.29"]
[SourceVersion "1"]
[SourceVersionDate "2014.08.29"]
[SourceQuality "1"]

1. d4 Nf6 2. Bg5 e6 3. e4 d5 4. e5 h6 5. Be3 Nfd7 6. f4 c5 7. c3 Nc6 8. Nf3 cxd4 9. cxd4 Bb4+ 10. Nbd2 Qb6 11. Bd3 Bxd2+ 12. Qxd2 Qb4 13. Rc1 Qxd2+ 14. Nxd2 f5 15. Kf2 Nb6 16. Nb3 Nb4 17. Be2 Nxa2 18. Rc7 0-0 19. Bd2 a5 20. Nxa5 Nd7 21. Ra1 b6 22. Nc6 1-0

[Event "Jerusalem Japhet Memorial op 2nd"]
[Site "Jerusalem"]
[Date "2014.07.16"]
[Round "1"]
[White "Parkhov, Yair"]
[Black "Zisman, Philip"]
[Result "0-1"]
[WhiteElo "1935"]
[BlackElo "2232"]
[PlyCount "108"]
[EventDate "2014.07.16"]
[EventType "swiss"]
[EventRounds "9"]
[EventCountry "ISR"]
[SourceTitle "CBM 161 Extra"]
[Source "ChessBase"]
[SourceDate "2014.08.29"]
[SourceVersion "1"]
[SourceVersionDate "2014.08.29"]
[SourceQuality "1"]

1. d4 d5 2. c4 e5 3. dxe5 d4 4. Nf3 Nc6 5. a3 Nge7 6. e3 Bg4 7. Be2 dxe3 8. Qxd8+ Rxd8 9. Bxe3 Ng6 10. e6 Bxe6 11. Nbd2 Be7 12. Ne4 Nge5 13. Rc1 Nxf3+ 14. Bxf3 Nd4 15. 0-0 Nxf3+ 16. gxf3 a6 17. Rfd1 0-0 18. Bf4 Rxd1+ 19. Rxd1 Rd8 20. Rxd8+ Bxd8 21. Nc5 Bc8 22. b4 g5 23. Bc1 f5 24. f4 g4 25. Bb2 Kf7 26. Kf1 b6 27. Nd3 Ke6 28. Ke2 Bb7 29. Be5 h5 30. Ke3 h4 31. Ne1 h3 32. Nc2 c5 33. bxc5 bxc5 34. Ne1 Be4 35. Nd3 Bxd3 36. Kxd3 Bh4 37. Ke2 g3 38. fxg3 Bxg3 39. a4 Bxh2 40. Kf2 Kf7 41. Kf3 Bg1 42. Bc3 Kg6 43. Bd2 Kh5 44. Kg3 h2 45. Kg2 Kg4 46. Bc1 Bd4 47. Kxh2 Kf3 48. Kh3 Be3 49. Ba3 Kxf4 50. Kg2 Ke4 51. a5 f4 52. Bb2 f3+ 53. Kg3 f2 54. Kg2 Kd3 0-1

[Event "Jerusalem Japhet Memorial op"]
[Site "Jerusalem"]
[Date "2013.08.07"]
[Round "4"]
[White "Zisman, Philip"]
[Black "Kantsler, Boris"]
[Result "1/2-1/2"]
[WhiteElo "2224"]
[BlackElo "2434"]
[PlyCount "60"]
[EventDate "2013.08.04"]
[EventType "swiss"]
[EventRounds "5"]
[EventCountry "ISR"]
[SourceTitle "EXT 2019"]
[Source "ChessBase"]
[SourceDate "2018.10.10"]
[SourceVersion "1"]
[SourceVersionDate "2018.10.10"]
[SourceQuality "1"]

1. e4 c5 2. Nf3 e6 3. d4 cxd4 4. Nxd4 a6 5. Nc3 Qc7 6. Bd3 Nf6 7. 0-0 Bc5 8. Nb3 Be7 9. f4 d6 10. a4 0-0 11. Be3 Nc6 12. g4 d5 13. g5 Nxe4 14. Nxe4 dxe4 15. Bxe4 f5 16. gxf6 Bxf6 17. c3 Ne7 18. a5 Nd5 19. Bxd5 exd5 20. Qxd5+ Qf7 21. Qxf7+ Rxf7 22. f5 Be7 23. Nd4 Bc5 24. Rae1 Bxd4 25. Bxd4 Bxf5 26. Re5 Bd7 27. Rxf7 Kxf7 28. Kf2 Re8 29. Rxe8 Bxe8 30. Kg3 g5 1/2-1/2

[Event "Jerusalem Japhet Memorial op"]
[Site "Jerusalem"]
[Date "2013.08.04"]
[Round "1"]
[White "Zoler, Dan"]
[Black "Zisman, Philip"]
[Result "1-0"]
[WhiteElo "2546"]
[BlackElo "2224"]
[PlyCount "45"]
[EventDate "2013.08.04"]
[EventType "swiss"]
[EventRounds "5"]
[EventCountry "ISR"]
[SourceTitle "EXT 2019"]
[Source "ChessBase"]
[SourceDate "2018.10.10"]
[SourceVersion "1"]
[SourceVersionDate "2018.10.10"]
[SourceQuality "1"]

1. d4 d5 2. c4 e5 3. dxe5 d4 4. Nf3 Nc6 5. g3 Nge7 6. Bg2 Ng6 7. 0-0 Ngxe5 8. Nbd2 Be7 9. a3 a5 10. b3 0-0 11. Bb2 Rb8 12. Qb1 b5 13. Rc1 Be6 14. cxb5 Rxb5 15. Nxe5 Nxe5 16. a4 Rb8 17. Qe4 Nd7 18. Bxd4 Bxb3 19. Nxb3 Rxb3 20. Qd5 Rb4 21. Bc3 c5 22. Rd1 Nf6 23. Qe5 1-0

[Event "ISR-chT"]
[Site "Ramat Aviv"]
[Date "2000.05.12"]
[Round "11.4"]
[White "Zisman, Philip"]
[Black "Vovsha, Eli"]
[Result "1/2-1/2"]
[WhiteElo "2255"]
[BlackElo "2346"]
[PlyCount "94"]
[EventDate "2000.01.14"]
[EventType "team"]
[EventRounds "11"]
[EventCountry "ISR"]
[SourceTitle "CBM 077"]
[Source "ChessBase"]
[SourceDate "2000.07.27"]
[SourceVersion "1"]
[SourceVersionDate "2000.07.27"]
[SourceQuality "1"]
[WhiteTeam "Maccabi Afek"]
[BlackTeam "Petah Tikva Hapoel"]
[WhiteTeamCountry "ISR"]
[BlackTeamCountry "ISR"]

1. e4 c5 2. Nc3 Nc6 3. f4 g6 4. Nf3 Bg7 5. Bb5 Nd4 6. Nxd4 cxd4 7. Ne2 e6 8. 0-0 Ne7 9. Bd3 d6 10. b3 0-0 11. Bb2 f5 12. exf5 Nxf5 13. Bxf5 Rxf5 14. Ng3 Rd5 15. Qf3 Qb6 16. d3 Bd7 17. Rf2 Rf8 18. Qe4 Re8 19. Re1 Bc6 20. Qe2 Qc7 21. Ne4 b5 22. a3 Rf5 23. Ref1 Bd5 24. Qg4 Rff8 25. h4 Qc6 26. Ng3 Qb7 27. h5 Qf7 28. hxg6 hxg6 29. Ne4 Qf5 30. Qe2 Bxe4 31. dxe4 Qc5 32. Qf3 Re7 33. g4 Ref7 34. Bc1 Re7 35. Kg2 a6 36. Bb2 Ref7 37. Qh3 g5 38. f5 Qe5 39. Qf3 d5 40. exd5 exf5 41. Re2 fxg4 42. Qxf7+ Rxf7 43. Rxe5 Bxe5 44. Re1 Rf5 45. Re4 Bg7 46. Bxd4 Rxd5 47. c3 Bxd4 1/2-1/2

[Event "ISR-chT"]
[Site "Ramat Aviv"]
[Date "2000.03.10"]
[Round "5.4"]
[White "Bitensky, Igor"]
[Black "Zisman, Philip"]
[Result "1-0"]
[WhiteElo "2322"]
[BlackElo "2255"]
[PlyCount "67"]
[EventDate "2000.01.14"]
[EventType "team"]
[EventRounds "11"]
[EventCountry "ISR"]
[SourceTitle "CBM 077"]
[Source "ChessBase"]
[SourceDate "2000.07.27"]
[SourceVersion "1"]
[SourceVersionDate "2000.07.27"]
[SourceQuality "1"]
[WhiteTeam "Tel Aviv Univ"]
[BlackTeam "Maccabi Afek"]
[WhiteTeamCountry "ISR"]
[BlackTeamCountry "ISR"]

1. e4 c5 2. Nf3 Nc6 3. Nc3 Nf6 4. d4 cxd4 5. Nxd4 e5 6. Ndb5 d6 7. Bg5 a6 8. Na3 b5 9. Bxf6 gxf6 10. Nd5 f5 11. c3 Bg7 12. exf5 Bxf5 13. Nc2 0-0 14. Nce3 Be6 15. Bd3 f5 16. Qh5 e4 17. Bc2 Ne7 18. Rd1 Nxd5 19. Nxd5 Ra7 20. 0-0 Be5 21. f3 exf3 22. Rxf3 f4 23. Bxh7+ Rxh7 24. Qg6+ Kh8 25. Qxe6 Qg5 26. Rdf1 Rg8 27. R1f2 Qh5 28. Ne7 Qxh2+ 29. Kf1 Qh1+ 30. Ke2 Rg5 31. Qc8+ Kg7 32. Qg8+ Kh6 33. Qf8+ Bg7 34. Ng8+ 1-0

[Event "ISR-chT"]
[Site "Ramat Aviv"]
[Date "2000.03.03"]
[Round "4.4"]
[White "Zisman, Philip"]
[Black "Lev, Ronen"]
[Result "0-1"]
[WhiteElo "2255"]
[BlackElo "2448"]
[PlyCount "84"]
[EventDate "2000.01.14"]
[EventType "team"]
[EventRounds "11"]
[EventCountry "ISR"]
[SourceTitle "CBM 077"]
[Source "ChessBase"]
[SourceDate "2000.07.27"]
[SourceVersion "1"]
[SourceVersionDate "2000.07.27"]
[SourceQuality "1"]
[WhiteTeam "Maccabi Afek"]
[BlackTeam "Herzliya"]
[WhiteTeamCountry "ISR"]
[BlackTeamCountry "ISR"]

1. d4 g6 2. g3 Bg7 3. Bg2 d6 4. Nf3 e5 5. dxe5 dxe5 6. Qxd8+ Kxd8 7. Nc3 Nd7 8. Bg5+ f6 9. Be3 Nh6 10. Rd1 Nf5 11. Bc5 Bf8 12. Ne4 Bxc5 13. Nxc5 Ke7 14. Ne4 Nb6 15. b3 a5 16. a4 Bd7 17. 0-0 Bc6 18. Nc3 Rhd8 19. g4 Nd4 20. Nxd4 Bxg2 21. Kxg2 exd4 22. Ne4 Rd5 23. Rd3 Rad8 24. Rfd1 c5 25. Rh3 Rh8 26. f4 f5 27. gxf5 Rxf5 28. c4 dxc3 29. Nxc3 Rxf4 30. Re3+ Kf7 31. Rd6 Rf6 32. Rf3 Rxf3 33. Kxf3 Nc8 34. Rd7+ Ke6 35. Rxb7 Nd6 36. Ra7 c4 37. Ra6 Ke5 38. Rxa5+ Kd4 39. Nb5+ Nxb5 40. Rxb5 Rf8+ 41. Kg2 c3 42. Rb7 Rc8 0-1

[Event "ISR-chT"]
[Site "Ramat Aviv"]
[Date "2000.01.28"]
[Round "3.3"]
[White "Zisman, Philip"]
[Black "Mikhalevski, Victor"]
[Result "1/2-1/2"]
[WhiteElo "2255"]
[BlackElo "2499"]
[PlyCount "81"]
[EventDate "2000.01.14"]
[EventType "team"]
[EventRounds "11"]
[EventCountry "ISR"]
[SourceTitle "CBM 077"]
[Source "ChessBase"]
[SourceDate "2000.07.27"]
[SourceVersion "1"]
[SourceVersionDate "2000.07.27"]
[SourceQuality "1"]
[WhiteTeam "Maccabi Afek"]
[BlackTeam "Beer Sheva"]
[WhiteTeamCountry "ISR"]
[BlackTeamCountry "ISR"]

1. d4 Nf6 2. Nf3 g6 3. g3 d5 4. Bg2 c5 5. c3 Bg7 6. 0-0 0-0 7. dxc5 a5 8. c4 Na6 9. Nc3 dxc4 10. Qxd8 Rxd8 11. Ne5 Nxc5 12. Be3 Nfe4 13. Nxe4 Nxe4 14. Nxc4 Nd6 15. Rfd1 Be6 16. Nxd6 Rxd6 17. Rxd6 exd6 18. a4 Rc8 19. Bxb7 Rb8 20. Bc6 Rxb2 21. Rd1 Rxe2 22. Rxd6 Be5 23. Rd2 Re1+ 24. Kg2 Kg7 25. Bb6 Rc1 26. Bb5 Bc3 27. Rd3 f6 28. Rd8 g5 29. Be3 Ra1 30. Bd4 Bxd4 31. Rxd4 Kf7 32. Bc4 Bxc4 33. Rxc4 Ke6 34. h4 Kd5 35. Rc7 gxh4 36. gxh4 h6 37. Rh7 Rxa4 38. Rxh6 Ke5 39. Rh8 Rg4+ 40. Kf3 Rb4 41. Ra8 1/2-1/2